000 00632nam a2200193Ia 4500
008 151119s9999||||xx |||||||||||||| ||und||
082 _a954.03
082 _bGKKV26196
100 _aडँलरिपल विल्यम
245 _aव्हाइट मूधल्स
260 _aपुणे
260 _bमेहता पब्लीशिग हाउस
260 _c0
600 _aडँलरिपल विल्यम
630 _aव्हाइट मूधल्स
700 _aडँलरिपल विल्यम
730 _aव्हाइट मूधल्स
942 _cBOOK
999 _c1078677
_d1078674